| 000 | 00507nam a2200193 a 4500 | ||
|---|---|---|---|
| 005 | 20210223130442.0 | ||
| 008 | 080520s1982 mx r 000 0 spa d | ||
| 020 | _a0306408740 | ||
| 035 | _aUPN01000156083 | ||
| 049 | _aCG | ||
| 050 | 4 |
_aQP383.2 _bI8.4 1982 |
|
| 100 | 1 | _aIsaacson, Robert L. | |
| 245 | 1 | 4 |
_aThe limbic system / _cRobert L. Isaacson. |
| 250 | _a2nd ed. | ||
| 260 |
_aNew York : _bPlenum press, _cc1982. |
||
| 300 | _axiv, 327 p. | ||
| 650 | 4 |
_aSISTEMA LIMBICO _910463 |
|
| 905 | _aLibro | ||
| 999 |
_c128197 _d128197 |
||